000 02311nam a2200265 a 4500
001 000005678
005 20260123084624.0
008 090821s2005 dr 000 0 spa d
020 _a9993497886
040 _aDO-SdBNP
_bspa
_cBNPHU
082 _a346.046
_bC758p
245 0 0 _aConstitucionalización del proceso civil /
_cHermógenes Acosta ... [et al.].
260 _aSanto Domingo :
_bEscuela Nacional de la Judicatura,
_c2005.
300 _a590 p. ;
_c23 cm.
500 _aIncluye referencias bibliográficas y notas al pie de las páginas
505 2 _aModulo 1. Parte 1: Proceso civil y constitución -- Parte 2. Constitución y proceso civil en el derecho español -- Modulo 2. Parte 1: Los principios constitucionales referentes al objeto del proceso, su dirección y desarrollo formal -- Parte 2: Los principios constitucionales rectores del proceso civil 1. -- Modulo 3. Parte 1 El control judicial de adecuación constitucional en la jurisdeiccin civil. La cuestión de inconstitucionalidad -- Parte 2: El control judicial de adecuación constitucional en la jurisdicción civil y la cuestión de inconstitucionalidad en derecho español -- Modulo 4. Parte 1: Los principios constitucionales de contradicción, audiencia y defensa en el proceso civil -- Parte 2: Los principios constitucionales rectores del proceso civil 2 -- Modulo 5 . Parte 1: El derecho a la prueba -- Parte 2: Los principios constitucionales relativos a la prueba. La valorización y administración de la prueba. La iniciativa probatoria del juez -- Modulo 6. Parte 1: El derecho a recurrir como un derecho constitucional -- Parte 2. El derecho a los recursos como derecho constitucionalmente reconocido -- Modulo 7. Parte 1: El derecho procesal civil internacional -- Parte 2: El derecho procesal civil internacional -- Modulo 8. Parte 1: La aplicación del juez nacional del derecho comunitario. La cuestión prejudicial -- Modulo 9. Parte 1: La conciliación en el proceso civil español.
590 _aInventariado, 2018/LP
650 4 _aProceso civil
_916042
650 0 _aDerecho procesal
_9555
650 0 _aDerecho constitucional
_910314
700 1 _aMachado Plazas, José
_916043
700 1 _aRamírez Suzana, Manuel
_916044
700 1 _aPicó, Joan
_916045
910 _aValidado. Control de calidad. MMOLINA
999 _c5475
_d5475